000 00895cam a22002651a 4500
999 _c130365
_d130365
001 7883996
003 ARRUPE
005 20200217095120.0
008 860402s1948 ncuabh b 001 0 eng
010 _a 48007411
035 _a(OCoLC)20648686
040 _aDLC
_cRPB
_dOTU
_dOCoLC
_dDLC
042 _apremarc
050 0 0 _aBS1235
_b.W52
082 _a222.11
100 1 _aWilliams, Arnold,
_d1907-1992.
_949536
245 1 4 _aThe common expositor :
_ban account of the commentaries on Genesis, 1527-1633 /
_cby Arnold Williams.
260 _aChapel Hill :
_bUniversity of North Carolina Press,
_cc1948.
300 _aix, 297 p. :
_bill., facsims., maps ;
_c23 cm.
500 _aIncludes index.
504 _aBibliography: p. 269-282.
630 0 0 _aBible.
_pGenesis
_xCriticism, interpretation, etc.
_92811
906 _a7
_bcbc
_coclcrpl
_du
_encip
_f19
_gy-gencatlg
942 _2lcc
_cMONOGRAPH